Guide to reference material (Record no. 14655)

MARC details
000 -LEADER
fixed length control field 00567nam a2200157Ia 4500
082 ## - DEWEY DECIMAL CLASSIFICATION NUMBER
Classification number RR 011.02 GUI;
245 #0 - TITLE STATEMENT
Title Guide to reference material
250 ## - EDITION STATEMENT
Edition statement 2nd
260 ## - PUBLICATION, DISTRIBUTION, ETC. (IMPRINT)
Place of publication London
Name of publisher Library Association
Year of publication 1968
300 ## - PHYSICAL DESCRIPTION
Number of Pages 3v.
500 ## - GENERAL NOTE
General note Contents: Vol.2.Philosophy & Psychology, Religion, Social sciences, Geography, Biography & History(vii, 585p.)(1968) - v.3.Generalities, Languages, the Arts and Literature(vii, 585p.)(1970)
650 ## - SUBJECT ADDED ENTRY--TOPICAL TERM
Topical Term Reference books - Guidebooks
650 ## - SUBJECT ADDED ENTRY--TOPICAL TERM
Topical Term Reference books - Reviews
700 ## - ADDED ENTRY--PERSONAL NAME
Personal name Walford, A.J.
942 ## - ADDED ENTRY ELEMENTS (KOHA)
Koha item type Books
Source of classification or shelving scheme Dewey Decimal Classification
Holdings
Withdrawn status Lost status Damaged status Not for loan Home library Current library Date acquired Full call number Accession Number Price effective from Koha item type
        NASSDOC Library NASSDOC Library 08/06/2004 RR 011.02 GUI; 1357 18/04/2019 Books
        NASSDOC Library NASSDOC Library 08/06/2004 RR 011.02 GUI; 3836 18/04/2019 Books